The AIR. manual : (Record no. 147144)
[ view plain ]
| 000 -LEADER | |
|---|---|
| fixed length control field | 00710nam a22002177a 4500 |
| 005 - DATE AND TIME OF LATEST TRANSACTION | |
| control field | 20171103151320.0 |
| 010 ## - LCCN (DPL NO) | |
| LC control number | ENG-121213 |
| 020 ## - INTERNATIONAL STANDARD BOOK NUMBER | |
| Terms of availability | 500.00(app.) |
| 035 ## - SYSTEM CONTROL NUMBER | |
| System control number | EN-104745 |
| 037 ## - SOURCE OF ACQUISITION | |
| Source of stock number/acquisition | DBAD/PUB |
| 082 ## - DEWEY DECIMAL CLASSIFICATION NUMBER | |
| Classification number | 347.052 |
| 100 ## - MAIN ENTRY--PERSONAL NAME | |
| Personal name | Manohar |
| 245 ## - TITLE STATEMENT | |
| Title | The AIR. manual : |
| Remainder of title | unrepealed central acts (civil and criminal) / |
| Statement of responsibility, etc | by Manohar [and] Chitaley |
| 250 ## - EDITION STATEMENT | |
| Edition statement | 6th ed. |
| 260 ## - PUBLICATION, DISTRIBUTION, ETC. (IMPRINT) | |
| Place of publication, distribution, etc | Nagpur |
| Name of publisher, distributor, etc | The All India Reporter |
| Date of publication, distribution, etc | 2016 |
| 270 ## - ADDRESS | |
| Address | Post Box No. 209, Congress Nagar |
| City | Nagpur |
| Postal code | 440012 |
| 300 ## - PHYSICAL DESCRIPTION | |
| Extent | vols-39-(xvi,1764p.) |
| Dimensions | 25cm(Hb) |
| 505 ## - FORMATTED CONTENTS NOTE | |
| Formatted contents note | vol-39-penal code,1860 section 410 to prevention of corruption act,1988 |
| 700 ## - ADDED ENTRY--PERSONAL NAME | |
| Personal name | Chitaley |
| 942 ## - ADDED ENTRY ELEMENTS (KOHA) | |
| Source of classification or shelving scheme | Dewey Decimal Classification |
| Item type | English Books |
| Classification part | 347.52 |
| Call number suffix | MAN |
| Withdrawn status | Lost status | Materials specified (bound volume or other part) | Not for loan | Collection code | Home library | Current library | Date acquired | Source of acquisition | Cost, normal purchase price | Full call number | Barcode | Copy number | Cost, replacement price | Koha item type |
|---|---|---|---|---|---|---|---|---|---|---|---|---|---|---|
| vol-39 | Not For Loan | Non-fiction | D.B.Act.Division | Bawana | 03/11/2017 | DBAD/PUB | 500.00 | 347.052 MAN | EN-104745 | 1 | 500.00 | English Books |
